| 000 | 00923nam a2200277 a 4500 | ||
|---|---|---|---|
| 001 | 000019610 | ||
| 003 | DO-SdBNP | ||
| 005 | 20260305073955.0 | ||
| 008 | 100701s1940 ve r 000 0 spa d | ||
| 040 |
_aDO-SdBNP _bspa _cBNPHU |
||
| 049 | _aBNGR | ||
| 082 | 4 |
_a923.187 _bB689i, 1940 _222 |
|
| 100 | 1 |
_aBolívar, Simón, _d1783-1830 _9253 |
|
| 245 | 1 | 0 |
_aIdeario político de Simón Bolivar / _cselección y notas, J. A. Cova ; prólogo Marius Andre. |
| 250 | _a3a ed. | ||
| 260 |
_aCaracas : _bEdiciones Centauro, _c1940. |
||
| 300 |
_a208 p. ; _c18 cm. |
||
| 490 | 1 |
_aCentauro ; _v76 |
|
| 504 | _aIncluye referencias bibliográficas y notas al pie de las páginas. | ||
| 600 | 1 | 0 |
_aBolívar, Simón, _d1783-1830 _9253 |
| 650 | 4 |
_aPresidentes venezolanos _942045 _vBiografías |
|
| 700 | 1 |
_aCova, J. A., _942046 |
|
| 700 | 1 |
_aAndré, Marius, _epról. _919143 |
|
| 830 | 0 |
_aCentauro ; _n76 _942047 |
|
| 942 |
_2ddc _cLBS1 |
||
| 999 |
_c19126 _d19126 |
||